[Event "Tradewise Gibraltar Chess Festival 2011"]
[Site "Gibraltar ENG"]
[Date "2011.01.27"]
[Round "3.16"]
[White "Sarkar, Justin"]
[Black "Ikonnikov, Vyacheslav"]
[Result "1/2-1/2"]
[WhiteElo "2418"]
[BlackElo "2580"]
[PlyCount "79"]
[EventDate "2011.01.25"]
[EventType "swiss"]
[EventRounds "10"]
[EventCountry "ENG"]
[Source "lmi"]
[SourceDate "2011.01.25"]

1. d4 Nf6 2. c4 e6 3. Nc3 Bb4 4. e3 b6 5. Nge2 Ne4 6. Qc2 Bb7 7. a3 Bxc3+ 8.
Nxc3 Nxc3 9. Qxc3 O-O 10. b4 d5 11. cxd5 Bxd5 12. f3 f5 13. Bc4 Nd7 14. O-O Nf6
15. Bd3 a5 16. Bb2 axb4 17. axb4 Rxa1 18. Rxa1 Qb8 19. Qc2 h6 20. b5 Rf7 21. e4
fxe4 22. fxe4 Bb7 23. Qe2 Nh7 24. Bc4 Re7 25. e5 Qd8 26. Qg4 Bd5 27. Bd3 Nf8
28. Bc1 g5 29. h4 Rg7 30. hxg5 hxg5 31. Be3 Ng6 32. Bxg6 Rxg6 33. Rf1 Bc4 34.
Rf6 Rxf6 35. Qxg5+ Kf7 36. exf6 Qxf6 37. Qxf6+ Kxf6 38. Bf4 Bxb5 39. Bxc7 Bc6
40. Bxb6 1/2-1/2

[Event "Tradewise Gibraltar Chess Festival 2011"]
[Site "Gibraltar ENG"]
[Date "2011.01.27"]
[Round "3.75"]
[White "Vea, Odin Blikra"]
[Black "Sommerhalder, Eric"]
[Result "1/2-1/2"]
[WhiteElo "2214"]
[BlackElo "2000"]
[PlyCount "199"]
[EventDate "2011.01.25"]
[EventType "swiss"]
[EventRounds "10"]
[EventCountry "ENG"]
[Source "lmi"]
[SourceDate "2011.01.25"]

1. e4 c5 2. Nc3 d6 3. f4 g6 4. Nf3 Bg7 5. Bc4 e6 6. f5 gxf5 7. d3 Ne7 8. O-O
Nbc6 9. Bg5 O-O 10. Qe1 f6 11. Bf4 Ng6 12. Bd2 fxe4 13. dxe4 Nge5 14. Nxe5 Nxe5
15. Be2 Qe8 16. Qh4 Ng6 17. Qg3 Ne5 18. Bf4 Qg6 19. Qh3 f5 20. Bh5 Qf6 21. Qg3
Ng6 22. Bxg6 Qxg6 23. Bxd6 Qxg3 24. hxg3 Bd4+ 25. Kh2 Rf6 26. Bf4 e5 27. Bg5
Rg6 28. Bh4 Bxc3 29. bxc3 fxe4 30. Rae1 Rg4 31. Be7 Be6 32. a3 b6 33. Rf6 Rg6
34. Rxe4 Re8 35. Rxg6+ hxg6 36. Bf6 Bf5 37. Re2 e4 38. Kg1 Kf7 39. Bg5 Re6 40.
Kf2 b5 41. Rd2 Ra6 42. Rd5 Rxa3 43. Rxc5 Ra2 44. Rc7+ Ke6 45. Ke3 Kd6 46. Bf4+
Kd5 47. g4 Bxg4 48. Kd2 Ra1 49. c4+ bxc4 50. Be3 Rd1+ 51. Kc3 Re1 52. Bxa7 Re2
53. g3 Rg2 54. Rc5+ Kd6 55. Rxc4 Rxg3+ 56. Kd4 Rh3 57. Bb8+ Ke6 58. Rc6+ Kf7
59. Rc7+ Kf6 60. Rc6+ Kg5 61. Rb6 e3 62. Rb5+ Kh4 63. Bf4 e2 64. Rb1 g5 65. Bd2
Bf3 66. Rg1 g4 67. Ke3 Rh2 68. c4 Kh3 69. c5 g3 70. Be1 Bg2 71. Kxe2 Bc6+ 72.
Ke3 g2 73. Kf2 Rh1 74. Bc3 Kg4 75. Bd4 Rh5 76. Re1 Rf5+ 77. Ke2 Bb5+ 78. Kd2
Rd5 79. Ke3 Bf1 80. Kf2 Rxd4 81. Re7 Rd2+ 82. Kg1 Bd3 83. c6 Kh3 84. Re3+ Kg4
85. c7 Bf5 86. c8=Q Bxc8 87. Rg3+ Kf4 88. Rxg2 Rd1+ 89. Kf2 Bg4 90. Rh2 Rd3 91.
Ke1 Ke3 92. Re2+ Kf3 93. Rf2+ Kg3 94. Rg2+ Kh3 95. Rd2 Re3+ 96. Kf2 Rf3+ 97.
Kg1 Kh4 98. Rf2 Re3 99. Rb2 Rh3 100. Rh2 1/2-1/2

[Event "Tradewise Gibraltar Chess Festival 2011"]
[Site "Gibraltar ENG"]
[Date "2011.01.28"]
[Round "4.70"]
[White "Sommerhalder, Eric"]
[Black "Malmdin, Nils-Ake"]
[Result "0-1"]
[WhiteElo "2000"]
[BlackElo "2272"]
[PlyCount "58"]
[EventDate "2011.01.25"]
[EventType "swiss"]
[EventRounds "10"]
[EventCountry "ENG"]
[Source "lmi"]
[SourceDate "2011.01.25"]

1. e4 d5 2. exd5 Nf6 3. Bb5+ Bd7 4. Bc4 Bg4 5. f3 Bf5 6. g4 Bc8 7. Nc3 c6 8.
dxc6 Nxc6 9. d3 e5 10. Be3 Be7 11. Qd2 O-O 12. a3 a6 13. Nge2 b5 14. Bb3 Bb7
15. Ne4 Nd5 16. Bc5 Bh4+ 17. N2g3 Nd4 18. Bxd4 exd4 19. Bxd5 Bxd5 20. Kf1 g6
21. g5 f6 22. Nxf6+ Rxf6 23. gxf6 Qxf6 24. Rg1 Bxf3 25. Rg2 Bg5 26. Qe1 Be3 27.
c3 Rf8 28. Rf2 Qh4 29. Rxf3 Rxf3+ 0-1

[Event "Tradewise Gibraltar Chess Festival 2011"]
[Site "Gibraltar ENG"]
[Date "2011.01.29"]
[Round "5.51"]
[White "Havik, Victor"]
[Black "Boskovic, Drasko"]
[Result "0-1"]
[WhiteElo "2107"]
[BlackElo "2412"]
[PlyCount "52"]
[EventDate "2011.01.25"]
[EventType "swiss"]
[EventRounds "10"]
[EventCountry "ENG"]
[Source "lmi"]
[SourceDate "2011.01.25"]

1. d4 e6 2. c4 b6 3. Nc3 Bb4 4. e4 Bb7 5. Bd3 Ne7 6. Nge2 f5 7. O-O O-O 8. f3
Ng6 9. a3 Be7 10. b3 Nc6 11. Qc2 Nh4 12. Be3 Qe8 13. e5 d6 14. exd6 Bxd6 15.
Nb5 e5 16. Bg5 Nxg2 17. Kxg2 Qg6 18. c5 Qxg5+ 19. Kh1 bxc5 20. dxc5 Be7 21.
Nxc7 e4 22. Bc4+ Kh8 23. f4 Qg4 24. b4 Rad8 25. b5 e3 26. Bd5 Rxd5 0-1

[Event "Tradewise Gibraltar Chess Festival 2011"]
[Site "Gibraltar ENG"]
[Date "2011.01.29"]
[Round "5.61"]
[White "Estrada Nieto, Julian"]
[Black "Memarian, Milad"]
[Result "1-0"]
[WhiteElo "2309"]
[BlackElo "2028"]
[PlyCount "85"]
[EventDate "2011.01.25"]
[EventType "swiss"]
[EventRounds "10"]
[EventCountry "ENG"]
[Source "lmi"]
[SourceDate "2011.01.25"]

1. e4 c5 2. Nf3 e6 3. c3 d5 4. exd5 exd5 5. d4 Nc6 6. Bb5 Bd6 7. dxc5 Bxc5 8.
O-O Nge7 9. Nbd2 O-O 10. Nb3 Bd6 11. Re1 Bg4 12. Be2 Re8 13. Nfd4 Bxe2 14. Rxe2
a6 15. Bg5 h6 16. Bxe7 Nxe7 17. Qc2 Qd7 18. Rae1 Nc6 19. Qf5 Rxe2 20. Rxe2 Qxf5
21. Nxf5 Bf8 22. Rd2 Rd8 23. Ne3 Ne5 24. f4 Ng6 25. g3 Re8 26. Kf2 Bd6 27. Rxd5
Bb8 28. Rd7 Ba7 29. Nd4 Re7 30. Rxe7 Nxe7 31. Kf3 g6 32. Ke4 f5+ 33. Ke5 Nc6+
34. Nxc6 Bxe3 35. Nd4 Bg1 36. Nf3 Bb6 37. Kf6 Kh7 38. Kf7 Bd8 39. Nd4 h5 40.
Ne6 Bb6 41. Nf8+ Kh6 42. Nxg6 Bg1 43. h4 1-0

[Event "Tradewise Gibraltar Chess Festival 2011"]
[Site "Gibraltar ENG"]
[Date "2011.01.29"]
[Round "5.79"]
[White "Sipila, Vilka"]
[Black "Sommerhalder, Eric"]
[Result "1-0"]
[WhiteElo "2269"]
[BlackElo "2000"]
[PlyCount "73"]
[EventDate "2011.01.25"]
[EventType "swiss"]
[EventRounds "10"]
[EventCountry "ENG"]
[Source "lmi"]
[SourceDate "2011.01.25"]

1. Nh3 e5 2. d4 exd4 3. e3 Bb4+ 4. c3 dxc3 5. Nxc3 Nf6 6. Nf4 O-O 7. a3 Bxc3+
8. bxc3 d5 9. c4 dxc4 10. Qxd8 Rxd8 11. Bxc4 Nc6 12. Bb2 Nd7 13. Ba2 Nde5 14.
f3 Nd3+ 15. Nxd3 Rxd3 16. Ke2 Bf5 17. e4 Rad8 18. Bd5 R3xd5 19. exd5 Rxd5 20.
Rhd1 Rxd1 21. Rxd1 f6 22. h4 h6 23. h5 Kf7 24. Bc1 Ne5 25. Rd8 Nc6 26. Ra8 a6
27. Bf4 Nd4+ 28. Kd2 Ne6 29. Bh2 Nd4 30. Rb8 Bd7 31. Rxb7 Nb5 32. a4 Bc6 33.
Rb8 Nd4 34. a5 Ne6 35. Bxc7 Ke7 36. Bh2 Nc5 37. Rc8 1-0

[Event "Tradewise Gibraltar Chess Festival 2011"]
[Site "Gibraltar ENG"]
[Date "2011.01.29"]
[Round "5.88"]
[White "Steil-Antoni, Fiona"]
[Black "Lee, Kai Jie Edward"]
[Result "1-0"]
[WhiteElo "2118"]
[BlackElo "1833"]
[PlyCount "95"]
[EventDate "2011.01.25"]
[EventType "swiss"]
[EventRounds "10"]
[EventCountry "ENG"]
[Source "lmi"]
[SourceDate "2011.01.25"]

1. e4 e5 2. Bc4 Nf6 3. d3 Nc6 4. Nc3 Bb4 5. Nge2 d5 6. exd5 Nxd5 7. Bxd5 Qxd5
8. O-O Qd8 9. f4 Bg4 10. h3 Bc5+ 11. Kh2 Nd4 12. fxe5 Qh4 13. Rf4 h5 14. Nxd4
g5 15. Nf3 gxf4 16. Nxh4 Bxd1 17. Nxd1 Kd7 18. Bxf4 Ke6 19. c3 Be7 20. Nf3 Rad8
21. d4 Kf5 22. Bg3 c5 23. Ne3+ Ke4 24. Re1 cxd4 25. Nxd4 Kd3 26. Nef5 Bc5 27.
Nd6 Rd7 28. Rf1 Bxd6 29. exd6 h4 30. Rf3+ Ke4 31. Bf4 Rh5 32. Ne2 f5 33. Re3+
Kd5 34. Nd4 Rh8 35. b3 Kc5 36. Re5+ Kb6 37. Rb5+ Ka6 38. Rxf5 Rc8 39. Ne6 b6
40. Nf8 Rdd8 41. d7 Rxc3 42. Bg5 Rxd7 43. Nxd7 Rc2 44. a4 b5 45. Nb8+ Kb7 46.
Rxb5+ Ka8 47. Nd7 Rc8 48. Rb8+ 1-0

[Event "Tradewise Gibraltar Chess Festival 2011"]
[Site "Gibraltar ENG"]
[Date "2011.01.30"]
[Round "6.3"]
[White "Ikonnikov, Vyacheslav"]
[Black "Roiz, Michael"]
[Result "1/2-1/2"]
[WhiteElo "2580"]
[BlackElo "2649"]
[PlyCount "61"]
[EventDate "2011.01.25"]
[EventType "swiss"]
[EventRounds "10"]
[EventCountry "ENG"]
[Source "lmi"]
[SourceDate "2011.01.25"]

1. d4 Nf6 2. Nf3 g6 3. c4 Bg7 4. Nc3 d5 5. cxd5 Nxd5 6. e4 Nxc3 7. bxc3 c5 8.
Bb5+ Nc6 9. O-O O-O 10. Be3 Bg4 11. dxc5 Bxc3 12. Rc1 Bg7 13. Qa4 Qc7 14. Nd4
Nxd4 15. Bxd4 Bxd4 16. Qxd4 Rfd8 17. Qe3 Be6 18. c6 Rac8 19. Qxa7 bxc6 20. Qxc7
Rxc7 21. Rxc6 Rxc6 22. Bxc6 Bxa2 23. h4 Kg7 24. e5 Rd4 25. g3 Bd5 26. Bxd5 Rxd5
27. Re1 h6 28. Kg2 g5 29. hxg5 hxg5 30. Kf3 Kg6 31. Ke4 1/2-1/2

[Event "Tradewise Gibraltar Chess Festival 2011"]
[Site "Gibraltar ENG"]
[Date "2011.01.30"]
[Round "6.6"]
[White "Kacheishvili, Giorgi"]
[Black "Sengupta, Deep"]
[Result "1/2-1/2"]
[WhiteElo "2585"]
[BlackElo "2530"]
[PlyCount "98"]
[EventDate "2011.01.25"]
[EventType "swiss"]
[EventRounds "10"]
[EventCountry "ENG"]
[Source "lmi"]
[SourceDate "2011.01.25"]

1. d4 d5 2. Nf3 e6 3. e3 c6 4. Bd3 Bd6 5. O-O f5 6. b3 Qe7 7. Bb2 Nf6 8. Qc1
Nbd7 9. Ba3 Ne4 10. Bxd6 Qxd6 11. c4 b6 12. Nc3 O-O 13. Qb2 Bb7 14. Rac1 Nxc3
15. Qxc3 c5 16. dxc5 Nxc5 17. Rfd1 Rac8 18. Bf1 f4 19. Qd4 h6 20. Re1 fxe3 21.
Rxe3 Rf6 22. Ne5 Rcf8 23. f3 Rf4 24. Qb2 d4 25. Rd1 Rd8 26. Ree1 a5 27. Qe2 Ne4
28. Nd3 Nc3 29. Qxe6+ Qxe6 30. Rxe6 Rxf3 31. Rde1 Rf7 32. Rxb6 Be4 33. Ne5 Rf5
34. Re6 d3 35. Bxd3 Bxd3 36. Nc6 Rd7 37. Ne7+ Rxe7 38. Rxe7 Nxa2 39. Ra7 Nc3
40. Re8+ Kh7 41. h3 Be4 42. Rae7 Rf4 43. Re5 Bg6 44. Ra8 Ne4 45. Raxa5 Nd2 46.
Ra7 h5 47. Ree7 h4 48. Rxg7+ Kh6 49. Rg8 Rf1+ 1/2-1/2

[Event "Tradewise Gibraltar Chess Festival 2011"]
[Site "Gibraltar ENG"]
[Date "2011.01.30"]
[Round "6.15"]
[White "Sandipan, Chanda"]
[Black "Soffer, Ram"]
[Result "1/2-1/2"]
[WhiteElo "2641"]
[BlackElo "2489"]
[PlyCount "130"]
[EventDate "2011.01.25"]
[EventType "swiss"]
[EventRounds "10"]
[EventCountry "ENG"]
[Source "lmi"]
[SourceDate "2011.01.25"]

1. Nf3 Nf6 2. c4 e6 3. g3 d5 4. Bg2 dxc4 5. Qa4+ Nbd7 6. Qxc4 a6 7. Qc2 c5 8.
O-O b5 9. b3 Bb7 10. Bb2 Qb6 11. d3 Be7 12. Nbd2 O-O 13. e4 Rfd8 14. Kh1 Rac8
15. Nh4 Nb8 16. Rad1 Nc6 17. Qb1 Ng4 18. Nhf3 Bf6 19. h3 Nge5 20. Ne1 Nd7 21.
f4 Bxb2 22. Qxb2 Nd4 23. Nef3 Ne2 24. Kh2 Nf6 25. Ne5 Nd4 26. Ndf3 Nxf3+ 27.
Nxf3 Qc7 28. Rfe1 h6 29. Ne5 Rd4 30. Rc1 Qd8 31. Qe2 c4 32. bxc4 bxc4 33. Rxc4
Rcxc4 34. Nxc4 Rxd3 35. Rb1 Ba8 36. Rb8 Qxb8 37. Qxd3 Qc7 38. Qd4 Nd7 39. a4
Nc5 40. a5 Bb7 41. Nd6 Qxa5 42. Qb2 Qe1 43. Nxb7 Nxe4 44. Bxe4 Qxe4 45. Nc5 Qc4
46. Nd7 Qb5 47. Qxb5 axb5 48. Kg2 b4 49. Nc5 g5 50. Kf3 gxf4 51. Kxf4 Kg7 52.
Ke5 Kg6 53. h4 Kh5 54. Kf4 Kg6 55. g4 e5+ 56. Kxe5 f6+ 57. Ke4 h5 58. Nd3 hxg4
59. Nf4+ Kh6 60. Kd4 g3 61. Kc4 g2 62. Nxg2 Kh5 63. Kxb4 f5 64. Kc3 f4 65.
Nxf4+ Kxh4 1/2-1/2

[Event "Tradewise Gibraltar Chess Festival 2011"]
[Site "Gibraltar ENG"]
[Date "2011.01.30"]
[Round "6.16"]
[White "Das, Arghyadip"]
[Black "Edouard, Romain"]
[Result "0-1"]
[WhiteElo "2479"]
[BlackElo "2634"]
[PlyCount "57"]
[EventDate "2011.01.25"]
[EventType "swiss"]
[EventRounds "10"]
[EventCountry "ENG"]
[Source "lmi"]
[SourceDate "2011.01.25"]

1. e4 c5 2. Nf3 Nc6 3. d4 cxd4 4. Nxd4 Nf6 5. Nc3 e5 6. Ndb5 d6 7. Nd5 Nxd5 8.
exd5 Nb8 9. a4 Be7 10. Be2 O-O 11. O-O Nd7 12. Kh1 a6 13. Na3 Nc5 14. Nc4 a5
15. Be3 b6 16. f4 exf4 17. Bxf4 Re8 18. c3 Ba6 19. Na3 Bxe2 20. Qxe2 Nxa4 21.
Qb5 Nc5 22. Nc4 Rb8 23. Rae1 Bf8 24. Rxe8 Qxe8 25. Qxe8 Rxe8 26. Nxd6 Re2 27.
Nc4 a4 28. d6 b5 29. Nb6 0-1

[Event "Tradewise Gibraltar Chess Festival 2011"]
[Site "Gibraltar ENG"]
[Date "2011.01.30"]
[Round "6.17"]
[White "Bellaiche, Anthony"]
[Black "Berg, Emanuel"]
[Result "1-0"]
[WhiteElo "2458"]
[BlackElo "2627"]
[PlyCount "67"]
[EventDate "2011.01.25"]
[EventType "swiss"]
[EventRounds "10"]
[EventCountry "ENG"]
[Source "lmi"]
[SourceDate "2011.01.25"]

1. e4 e6 2. d4 d5 3. Nc3 Bb4 4. e5 c5 5. a3 Bxc3+ 6. bxc3 Ne7 7. Qg4 cxd4 8.
Qxg7 Rg8 9. Qxh7 Qc7 10. Ne2 Nbc6 11. f4 Bd7 12. Qd3 dxc3 13. Qxc3 O-O-O 14.
Rb1 Kb8 15. Rg1 d4 16. Qd3 Bc8 17. g4 Nd5 18. Rg3 f6 19. exf6 e5 20. f5 Nxf6
21. Bg2 Ka8 22. g5 e4 23. Qc4 Nh5 24. Rh3 Qa5+ 25. Bd2 Qxf5 26. Rxh5 Ne5 27.
Qc7 d3 28. Ng3 Nf3+ 29. Kd1 dxc2+ 30. Qxc2 Qf4 31. Qxc8+ Rxc8 32. Bxf4 Rgd8+
33. Ke2 Rc2+ 34. Kf1 1-0

[Event "Tradewise Gibraltar Chess Festival 2011"]
[Site "Gibraltar ENG"]
[Date "2011.01.30"]
[Round "6.19"]
[White "Vernay, Clovis"]
[Black "Kulaots, Kaido"]
[Result "0-1"]
[WhiteElo "2446"]
[BlackElo "2577"]
[PlyCount "54"]
[EventDate "2011.01.25"]
[EventType "swiss"]
[EventRounds "10"]
[EventCountry "ENG"]
[Source "lmi"]
[SourceDate "2011.01.25"]

1. d4 g6 2. c4 Bg7 3. e4 d6 4. Nc3 e5 5. dxe5 dxe5 6. Qxd8+ Kxd8 7. Be3 Nd7 8.
h4 h5 9. Nf3 c6 10. Ng5 Ke7 11. f3 f6 12. Nh3 Bh6 13. Bf2 Ke8 14. g4 hxg4 15.
fxg4 Bf8 16. g5 Nc5 17. Bg3 Be7 18. gxf6 Nxf6 19. Ng5 Ng4 20. Nf3 Rf8 21. Ke2
Nd3 22. Nd1 Nf4+ 23. Bxf4 Rxf4 24. Nd2 Be6 25. h5 g5 26. Bg2 Rd8 27. a3 Bc5 0-1

[Event "Tradewise Gibraltar Chess Festival 2011"]
[Site "Gibraltar ENG"]
[Date "2011.01.30"]
[Round "6.22"]
[White "Lemos, Damian"]
[Black "Szuper, Paul"]
[Result "0-1"]
[WhiteElo "2553"]
[BlackElo "2174"]
[PlyCount "102"]
[EventDate "2011.01.25"]
[EventType "swiss"]
[EventRounds "10"]
[EventCountry "ENG"]
[Source "lmi"]
[SourceDate "2011.01.25"]

1. d4 e6 2. c4 b6 3. a3 Bb7 4. Nc3 Nf6 5. d5 Bd6 6. Nf3 O-O 7. Bg5 Be7 8. Bf4
Re8 9. e3 d6 10. Be2 e5 11. Bg3 Nh5 12. Nxe5 Nxg3 13. Nxf7 Kxf7 14. hxg3 h6 15.
Qd3 Bf6 16. Bh5+ Kg8 17. Bxe8 Qxe8 18. Ne4 Nd7 19. Nxf6+ Nxf6 20. Rh4 b5 21. b3
Qe5 22. Rc1 bxc4 23. bxc4 Bc8 24. Qd4 Qxd4 25. Rxd4 Nd7 26. Rb1 Nc5 27. f3 a5
28. Kd2 Ba6 29. Kc3 Na4+ 30. Kd2 Nb6 31. Rc1 Na4 32. Rb1 Nb6 33. Kd3 Re8 34. e4
Kh7 35. Rc1 Na4 36. Rb1 Nb6 37. Re1 Rb8 38. e5 c5 39. dxc6 Nxc4 40. e6 Ne5+ 41.
Kc3 Nxc6 42. Rxd6 Rc8 43. Kb2 Bb5 44. e7 Re8 45. Rd7 Ne5 46. Rxe5 Bxd7 47. Rxa5
Rxe7 48. Ra7 Re2+ 49. Kc3 Be8 50. Kd4 Rxg2 51. g4 Rg3 0-1

[Event "Tradewise Gibraltar Chess Festival 2011"]
[Site "Gibraltar ENG"]
[Date "2011.01.30"]
[Round "6.24"]
[White "Bellin, Robert"]
[Black "Erdos, Viktor"]
[Result "0-1"]
[WhiteElo "2367"]
[BlackElo "2593"]
[PlyCount "82"]
[EventDate "2011.01.25"]
[EventType "swiss"]
[EventRounds "10"]
[EventCountry "ENG"]
[Source "lmi"]
[SourceDate "2011.01.25"]

1. g3 d5 2. Bg2 c6 3. d3 Bg4 4. h3 Bh5 5. Nd2 e6 6. c3 Nd7 7. Rb1 a5 8. Ngf3
Bc5 9. O-O Ne7 10. e4 O-O 11. Qe2 Ba7 12. b3 Re8 13. Re1 Qc7 14. Nf1 e5 15. Bb2
f6 16. a3 Bf7 17. Bc1 b5 18. Be3 dxe4 19. dxe4 Nc5 20. N3d2 Nc8 21. Rec1 a4 22.
Bxc5 Bxc5 23. b4 Bf8 24. c4 Qb8 25. Ne3 Nd6 26. c5 Nb7 27. h4 Nd8 28. Bh3 Ne6
29. Bxe6 Bxe6 30. Rd1 Qc7 31. Nf3 g6 32. Kg2 h5 33. Rd2 Qh7 34. Qd1 Ra7 35.
Rbb2 Bh6 36. Qe2 g5 37. Qd3 g4 38. Ng1 Rd7 39. Qb1 Rxd2 40. Rxd2 Bxe3 41. fxe3
Bd5 0-1

[Event "Tradewise Gibraltar Chess Festival 2011"]
[Site "Gibraltar ENG"]
[Date "2011.01.30"]
[Round "6.26"]
[White "Felgaer, Ruben"]
[Black "Zaremba, Andrie"]
[Result "0-1"]
[WhiteElo "2585"]
[BlackElo "2339"]
[PlyCount "86"]
[EventDate "2011.01.25"]
[EventType "swiss"]
[EventRounds "10"]
[EventCountry "ENG"]
[Source "lmi"]
[SourceDate "2011.01.25"]

1. e4 c6 2. d4 d5 3. Nd2 dxe4 4. Nxe4 Bf5 5. Ng3 Bg6 6. Nh3 Nf6 7. Bc4 e6 8.
Nf4 Nd5 9. Nxg6 hxg6 10. c3 Nd7 11. Bb3 Qh4 12. Qf3 N7f6 13. Bd2 Bd6 14. O-O-O
Qg4 15. Qxg4 Nxg4 16. Ne4 Bxh2 17. f3 Nge3 18. Bxe3 Nxe3 19. Rd2 f5 20. g3 fxe4
21. fxe4 Ke7 22. Rdxh2 Rxh2 23. Rxh2 Rf8 24. Rh7 Kf6 25. Rh1 Ke7 26. Rh7 Kf6
27. Rh3 e5 28. Kd2 Ng4 29. Rh4 Nf2 30. Ke3 g5 31. Kxf2 gxh4 32. gxh4 Rh8 33.
Kg3 exd4 34. cxd4 Rd8 35. d5 Ke5 36. Kg4 Kxe4 37. dxc6 bxc6 38. Ba4 Rd6 39. Kg5
c5 40. b3 Ra6 41. Be8 Rxa2 42. Kg6 Rg2+ 43. Kh5 Ke5 0-1

[Event "Tradewise Gibraltar Chess Festival 2011"]
[Site "Gibraltar ENG"]
[Date "2011.01.30"]
[Round "6.30"]
[White "Peek, Marcel"]
[Black "Kanep, Meelis"]
[Result "1/2-1/2"]
[WhiteElo "2342"]
[BlackElo "2531"]
[PlyCount "68"]
[EventDate "2011.01.25"]
[EventType "swiss"]
[EventRounds "10"]
[EventCountry "ENG"]
[Source "lmi"]
[SourceDate "2011.01.25"]

1. d4 d5 2. c4 e6 3. Nf3 Nf6 4. Nc3 Bb4 5. cxd5 exd5 6. Qa4+ Nc6 7. Bg5 h6 8.
Bxf6 Qxf6 9. e3 O-O 10. Be2 Be6 11. a3 Bd6 12. Nb5 Bg4 13. Rc1 Ne7 14. Nxd6
Qxd6 15. Qb4 Qxb4+ 16. axb4 Bxf3 17. gxf3 c6 18. b5 Rfc8 19. Kd2 Kf8 20. h4
cxb5 21. Bxb5 Rxc1 22. Rxc1 Rc8 23. Ra1 a6 24. Ba4 h5 25. Bb3 Rc6 26. Rg1 g6
27. Rg5 Rb6 28. Kc3 Rc6+ 29. Kd2 Rd6 30. Bc2 Rb6 31. Kc3 Rc6+ 32. Kd2 Rb6 33.
Kc3 Rc6+ 34. Kd2 Rb6 1/2-1/2

[Event "Tradewise Gibraltar Chess Festival 2011"]
[Site "Gibraltar ENG"]
[Date "2011.01.30"]
[Round "6.31"]
[White "Nuri, Kambez"]
[Black "Cmilyte, Viktorija"]
[Result "1-0"]
[WhiteElo "2300"]
[BlackElo "2526"]
[PlyCount "53"]
[EventDate "2011.01.25"]
[EventType "swiss"]
[EventRounds "10"]
[EventCountry "ENG"]
[Source "lmi"]
[SourceDate "2011.01.25"]

1. e4 Nf6 2. e5 Nd5 3. d4 d6 4. c4 Nb6 5. exd6 exd6 6. Nc3 Be7 7. Bd3 Nc6 8.
Nge2 O-O 9. Be3 Bg5 10. O-O Nb4 11. Bb1 Bxe3 12. fxe3 Nxc4 13. Qb3 Nxe3 14. Rf3
Qh4 15. g3 Qh6 16. Qxb4 Bg4 17. Rf2 Rae8 18. Nf4 Bd7 19. Be4 Ng4 20. Rd2 g5 21.
Nfd5 c6 22. Nc7 Re7 23. Qxb7 Qh3 24. Qb4 f5 25. Qxd6 fxe4 26. Qxe7 Nxh2 27.
Qxg5+ 1-0

[Event "Tradewise Gibraltar Chess Festival 2011"]
[Site "Gibraltar ENG"]
[Date "2011.01.30"]
[Round "6.34"]
[White "Al-Sayed, Mohammed"]
[Black "Sanchez, Louis"]
[Result "1-0"]
[WhiteElo "2490"]
[BlackElo "2262"]
[PlyCount "107"]
[EventDate "2011.01.25"]
[EventType "swiss"]
[EventRounds "10"]
[EventCountry "ENG"]
[Source "lmi"]
[SourceDate "2011.01.25"]

1. d4 d5 2. c4 c6 3. Nc3 Nf6 4. e3 a6 5. Nf3 b5 6. c5 g6 7. Ne5 Bg7 8. f4 Qc7
9. Be2 a5 10. a3 O-O 11. O-O Be6 12. Nd3 Ne4 13. g4 f5 14. Nxe4 dxe4 15. Ne5 a4
16. gxf5 gxf5 17. Kh1 Nd7 18. Rg1 Kh8 19. Qf1 Nxe5 20. fxe5 Bd5 21. Qf4 Qd7 22.
Bd2 Qe6 23. Raf1 Bh6 24. Qh4 Rg8 25. Qh3 Rxg1+ 26. Rxg1 Rg8 27. Rxg8+ Kxg8 28.
Kg1 Qg6+ 29. Kf2 Bg5 30. Kf1 Be6 31. Qh5 Kg7 32. Kf2 Qxh5 33. Bxh5 Bf7 34. Be2
Bh4+ 35. Kg2 Kg6 36. Ba5 Bd5 37. Kf1 Kg5 38. Bd8 Kg6 39. Ba5 Bg5 40. Bd2 h6 41.
Kf2 h5 42. Kg3 h4+ 43. Kf2 Bh6 44. Bc1 f4 45. exf4 Kf5 46. h3 e3+ 47. Bxe3 Bxf4
48. Bg4+ Kg5 49. Bf3 Bxf3 50. Kxf3 Bxe3 51. Kxe3 e6 52. Ke4 Kg6 53. Kf4 Kh5 54.
d5 1-0

[Event "Tradewise Gibraltar Chess Festival 2011"]
[Site "Gibraltar ENG"]
[Date "2011.01.30"]
[Round "6.36"]
[White "Gaponenko, Inna"]
[Black "Chapman, Terry P D"]
[Result "1-0"]
[WhiteElo "2466"]
[BlackElo "2250"]
[PlyCount "131"]
[EventDate "2011.01.25"]
[EventType "swiss"]
[EventRounds "10"]
[EventCountry "ENG"]
[Source "lmi"]
[SourceDate "2011.01.25"]

1. e4 d6 2. d4 Nf6 3. Nc3 c6 4. f4 Qa5 5. e5 Ne4 6. Qf3 d5 7. Bd3 g6 8. Nge2
Bf5 9. g4 Nxc3 10. bxc3 Bxd3 11. cxd3 Na6 12. f5 O-O-O 13. fxg6 fxg6 14. O-O
Nc7 15. a4 Qa6 16. Ba3 Re8 17. Ng3 Bh6 18. g5 Bf8 19. Kg2 Kb8 20. h4 b6 21. a5
b5 22. Bc5 Qc8 23. c4 h6 24. cxb5 Nxb5 25. Rh1 e6 26. Qe3 Qd8 27. Rhc1 hxg5 28.
hxg5 Qd7 29. Bxf8 Rexf8 30. Rh1 Qe7 31. Rh6 Qb4 32. Ne2 Qb2 33. Rd1 Rhg8 34.
Rh7 Qb4 35. Rc1 Rf5 36. Rxc6 Qxa5 37. Ng3 Qa2+ 38. Kg1 Qa1+ 39. Kg2 Qb2+ 40.
Kg1 Qa1+ 41. Rc1 Rf3 42. Qxf3 Qxc1+ 43. Kg2 Rc8 44. Qf7 Rc2+ 45. Kh3 Nc7 46.
Qg8+ Kb7 47. Qxe6 Qg1 48. Qxd5+ Kb6 49. Qd6+ Kb5 50. Qd7+ Kb4 51. Kg4 Qd1+ 52.
Kh3 Qg1 53. Kg4 Qd1+ 54. Kh3 Qg1 55. Rf7 Rg2 56. Qd6+ Kb3 57. e6 Qh2+ 58. Kg4
Qh5+ 59. Kf4 Qh2 60. Kg4 Qh5+ 61. Kf4 Qh2 62. Kf3 Rf2+ 63. Kg4 Rg2 64. Qxc7
Qh5+ 65. Kf4 Qh2 66. Qc4+ 1-0

[Event "Tradewise Gibraltar Chess Festival 2011"]
[Site "Gibraltar ENG"]
[Date "2011.01.30"]
[Round "6.37"]
[White "Meskovs, Nikita"]
[Black "Fernandez Romero, Ernesto"]
[Result "0-1"]
[WhiteElo "2243"]
[BlackElo "2453"]
[PlyCount "132"]
[EventDate "2011.01.25"]
[EventType "swiss"]
[EventRounds "10"]
[EventCountry "ENG"]
[Source "lmi"]
[SourceDate "2011.01.25"]

1. d4 Nf6 2. c4 g6 3. Nc3 Bg7 4. e4 d6 5. Nf3 O-O 6. h3 e5 7. d5 Nh5 8. Nh2 Qe8
9. Be2 Nf4 10. Bf3 f5 11. g3 Nxh3 12. Bg2 fxe4 13. Nxe4 Bf5 14. Ng4 h5 15.
Nef6+ Bxf6 16. Nh6+ Kg7 17. Nxf5+ gxf5 18. Bxh3 Qg6 19. Qc2 e4 20. Be3 Na6 21.
Bf1 Nc5 22. O-O-O a5 23. Be2 Rh8 24. Rdf1 a4 25. Qd1 a3 26. b3 Bg5 27. Kc2 Bxe3
28. fxe3 Nd3 29. Bxd3 Qf6 30. Qa1 exd3+ 31. Kxd3 Qxa1 32. Rxa1 Rae8 33. Raf1
Re5 34. Rf3 Kg6 35. Ke2 Rhe8 36. Rd1 Re4 37. Rd3 Kf6 38. Rd1 Rg8 39. Rh1 Kg6
40. Kd3 Rge8 41. Ke2 R8e5 42. Rd1 Kg5 43. Kf2 Re8 44. Ke2 b6 45. Rh1 R8e5 46.
Kf2 b5 47. Rc1 bxc4 48. bxc4 Re8 49. Ke2 Rb8 50. Rf2 Kg4 51. Kd3 Rb2 52. Rcf1
Re5 53. Rf4+ Kxg3 54. Rh1 Rh2 55. Rg1+ Rg2 56. Rh1 Rxa2 57. Rxh5 Rg2 58. Rh8 a2
59. Ra8 Kh2 60. Rf1 Rb2 61. Rh8+ Kg2 62. Rfh1 Rb3+ 63. Kd2 Rexe3 64. Ra1 Rbd3+
65. Kc2 Ra3 66. Rf8 Re2+ 0-1